|
|
|
|
| LEADER |
00717nam a22002172a 4500 |
| 001 |
000653448 |
| 003 |
CZ BrMZK |
| 005 |
20030217071354.0 |
| 007 |
ta |
| 008 |
030213s1949 xo f slo d |
| 040 |
|
|
|a BOA001
|b cze
|c BOA001
|
| 100 |
1 |
|
|a Brezina, Ján,
|d 1917-1997
|7 jn20000601015
|4 aut
|
| 245 |
1 |
0 |
|a Najvyšší čas /
|c Ján Brezina ; il. Ivan Šimko
|
| 250 |
|
|
|a 1. vyd.
|
| 260 |
|
|
|a Turč. sv. Martin :
|b Matica slovenská,
|c 1949
|
| 300 |
|
|
|a 68 s. ;
|c 8°
|
| 490 |
1 |
|
|a Knižnica Slovenských pohľadov ;
|v sv. 145
|
| 830 |
|
0 |
|a Knižnica Slovenských pohľadov
|
| 910 |
|
|
|a BOA001
|b 2-0235.430
|
| 990 |
|
|
|a BK
|
| 996 |
7 |
|
|b 2619503256
|c 2-0235.430
|l MZK
|r Sklad / do 24 hodin
|n 2
|w 000653448
|u 000010
|a 1
|e BOA001
|j MZK50
|s A
|